000 00614nam a2200277Ia 4500
005 20260401122257.0
008 008 250103s9999 xx 000 0 eng d
020 _a195153863
037 _aTB
040 _aEDL
040 _beng
040 _cEDL
041 _2eng
041 _aeng
084 _a822.309 SUL
084 _qEDL
245 0 _aEarly Modern English Drama: Critical Companion
260 _aNew York
260 _bOxford University Press
260 _c2006
300 _a338p
942 _cTB
942 _h822.309 SUL
999 _c1846156
_d1846156